=LDR 00000nam 2200000 4500 =001 INLIS000000000055029 =005 20200310075512 =035 ##$$a 0010-0320000136 =007 ta =008 200310###########################0#ind## =020 ##$$a 978-602-7999-44-2 =082 ##$$a 028.5 =084 ##$$a 028.5 ANI j =100 #$$a Anisah Ishaura =245 1#$$a Jangan Menangis Anis /$c Anisah Ishaura =260 ##$$a Jakarta :$b Zettu,$c 2013 =300 ##$$a vi, 104 hlm. : $b Ilustrasi ; $c 21 Cm. =650 #4$$a Bacaan kanak-kanak =700 #$$a Editor, Rakha =990 ##$$a 17831783 =990 ##$$a 17831783 =990 ##$$a 61901134 =990 ##$$a 6202001783 =990 ##$$a 61901135 =990 ##$$a 61901134